[Event "22. Copenhagen Open  (Politiken Cup)"]
[Site "Copenhagen"]
[Date "2000.07.25"]
[Round "8"]
[White "Brondum, Eric"]
[Black "Helin, Mikael"]
[Result "1-0"]
[WhiteElo "2230"]
[BlackElo "2066"]
[PlyCount "125"]
[EventDate "2000.07.17"]
[EventType "swiss"]
[EventRounds "11"]
[EventCountry "DEN"]
[SourceDate "2004.01.01"]

1. d4 g6 2. c4 Bg7 3. Nc3 d6 4. Nf3 h6 5. e4 Bg4 6. Be2 Nc6 7. Be3 e5 8. d5
Nce7 9. h3 Bc8 10. Qa4+ Bd7 11. Qb3 b6 12. g4 Nf6 13. O-O-O h5 14. g5 Nh7 15.
Ne1 a5 16. Nd3 Nc8 17. h4 O-O 18. Rdf1 Na7 19. a4 c5 20. Qd1 Qe8 21. Rhg1 Bh3
22. Re1 Bd7 23. Kb1 Kh8 24. Rh1 f5 25. gxf6 Nxf6 26. f3 Qf7 27. Rhg1 Be8 28. f4
Nd7 29. Ref1 Qe7 30. f5 gxf5 31. Bg5 Nf6 32. Rxf5 Rb8 33. Bxh5 Bd7 34. Rf2 Rb7
35. Bg6 Kg8 36. h5 Bg4 37. Rxg4 Nxg4 38. Qxg4 Rxf2 39. Bxe7 Rf1+ 40. Ka2 Rxe7
41. Bf5 Kf8 42. h6 b5 43. axb5 a4 44. Qg2 Rxf5 45. Qxg7+ Rxg7 46. hxg7+ Kxg7
47. exf5 Nc8 48. Ne4 Kf7 49. b3 axb3+ 50. Kxb3 Ke7 51. Nb2 Nb6 52. Na4 Nd7 53.
Kc3 Nb8 54. Nb6 Kf7 55. Kd2 Kg7 56. Ke2 Kh6 57. Kf3 Kh5 58. Nxd6 Kg5 59. Ke4
Kf6 60. Nb7 Ke7 61. Na4 Nd7 62. Naxc5 Nb6 63. d6+ 1-0

[Event "22. Copenhagen Open  (Politiken Cup)"]
[Site "Copenhagen"]
[Date "2000.07.25"]
[Round "8"]
[White "Brondum, Jan Kraul"]
[Black "Manley, Christian"]
[Result "1/2-1/2"]
[WhiteElo "1452"]
[BlackElo "1204"]
[PlyCount "41"]
[EventDate "2000.07.17"]
[EventType "swiss"]
[EventRounds "11"]
[EventCountry "DEN"]
[SourceDate "2004.01.01"]

1. e4 c5 2. Nf3 Nc6 3. d4 cxd4 4. Nxd4 e6 5. Bc4 Bc5 6. Nf3 Qb6 7. O-O Nd4 8.
Nc3 Nxf3+ 9. Qxf3 a6 10. Bb3 Qc6 11. a4 b6 12. Bg5 Bb7 13. Rfe1 Bb4 14. Bd5 Qc8
15. Bxb7 Qxb7 16. Re3 Rc8 17. Rae1 Be7 18. Bf4 Nf6 19. Nd5 Nxd5 20. exd5 O-O
21. c3 1/2-1/2

[Event "22. Copenhagen Open  (Politiken Cup)"]
[Site "Copenhagen"]
[Date "2000.07.25"]
[Round "8"]
[White "Baekgaard, Martin"]
[Black "Nielsen, Anders Bodholt"]
[Result "1-0"]
[WhiteElo "2170"]
[BlackElo "2055"]
[PlyCount "79"]
[EventDate "2000.07.17"]
[EventType "swiss"]
[EventRounds "11"]
[EventCountry "DEN"]
[SourceDate "2004.01.01"]

1. e4 c5 2. Nf3 e6 3. d3 Nc6 4. g3 Nge7 5. Bg2 g6 6. O-O Bg7 7. c3 d5 8. Qe2 d4
9. cxd4 cxd4 10. e5 O-O 11. Nbd2 Qc7 12. Re1 Rb8 13. Ne4 Nxe5 14. Nxe5 Bxe5 15.
Bg5 f6 16. Bh6 Rf7 17. Rac1 Qd8 18. Ng5 fxg5 19. Qxe5 Bd7 20. Rc7 Rc8 21. Rxb7
Nf5 22. Bxg5 Qxg5 23. Rxd7 Rc1 24. Rd8+ Qxd8 25. Rxc1 Qd7 26. Qb8+ Kg7 27. Qe5+
Kg8 28. b4 Ne7 29. Qb8+ Kg7 30. Qe5+ Kg8 31. Rc7 Qa4 32. Qxd4 Qd1+ 33. Bf1 Qf3
34. Qxa7 Qf6 35. b5 h5 36. h4 g5 37. hxg5 Qxg5 38. Qe3 Qxb5 39. Qxe6 Qb2 40.
Qe2 1-0

[Event "22. Copenhagen Open  (Politiken Cup)"]
[Site "Copenhagen"]
[Date "2000.07.25"]
[Round "8"]
[White "Bohlke, Christian"]
[Black "Bekker Jensen, David"]
[Result "0-1"]
[WhiteElo "2052"]
[BlackElo "2320"]
[PlyCount "100"]
[EventDate "2000.07.17"]
[EventType "swiss"]
[EventRounds "11"]
[EventCountry "DEN"]
[SourceDate "2004.01.01"]

1. e4 c5 2. Nf3 d6 3. d3 Nc6 4. g3 g6 5. Bg2 Bg7 6. O-O Nf6 7. Re1 O-O 8. c3 e5
9. d4 cxd4 10. cxd4 Bg4 11. d5 Nd4 12. Qd3 Bxf3 13. Bxf3 Nd7 14. b4 f5 15. Bb2
Nxf3+ 16. Qxf3 Qb6 17. Nd2 Qxb4 18. Bc3 Qc5 19. Nb3 Qb6 20. Ba5 Qa6 21. Rac1
fxe4 22. Qxe4 Nf6 23. Qe2 Qxe2 24. Rxe2 Rfc8 25. Rec2 Rxc2 26. Rxc2 b6 27. Bb4
Bf8 28. Rc6 Rd8 29. Nd2 Nxd5 30. Ba3 Nf6 31. Nc4 Ne8 32. Bb2 Rd7 33. Ba3 Kf7
34. f4 exf4 35. gxf4 Rc7 36. Rxc7+ Nxc7 37. Bxd6 Bxd6 38. Nxd6+ Ke6 39. Nc8 Nb5
40. a4 Nc3 41. Nxa7 Nxa4 42. Kf2 Nc3 43. Kf3 Kd7 44. Kg4 Kc7 45. Kg5 Kb7 46.
Kh6 Kxa7 47. Kxh7 Nd5 48. Kxg6 Nxf4+ 49. Kg5 Nh3+ 50. Kg4 b5 0-1

[Event "22. Copenhagen Open  (Politiken Cup)"]
[Site "Copenhagen"]
[Date "2000.07.25"]
[Round "8"]
[White "Carstensen, Jacob"]
[Black "Kragh, Niels Kristian"]
[Result "1/2-1/2"]
[WhiteElo "2254"]
[BlackElo "1966"]
[Annotator "Carsten Petersen"]
[PlyCount "109"]
[EventDate "2000.07.17"]
[EventType "swiss"]
[EventRounds "11"]
[EventCountry "DEN"]
[SourceDate "2004.01.01"]

1. d4 Nf6 2. c4 e6 3. Nc3 Bb4 4. e3 b6 5. Nge2 Ne4 6. Qc2 Bb7 7. a3 Bxc3+ 8.
Nxc3 Nxc3 9. Qxc3 O-O 10. b4 d6 11. Bb2 f5 12. O-O-O a5 13. f3 axb4 14. axb4
Nd7 15. Rg1 Qh4 16. Bd3 Qxh2 {Cool} 17. d5 e5 18. g4 fxg4 19. Rh1 Qg3 20. Bxh7+
Kf7 21. Rdg1 Qf2 22. Rf1 Qe2 23. Re1 Qg2 24. Rhg1 Qh2 25. Rh1 Qg2 26. Bf5 Ke7
27. Bxg4 Nf6 28. Rhg1 Qf2 29. Bf5 Qxf3 30. Ref1 Qe2 31. Rxg7+ Rf7 32. Rfg1 Raf8
33. R7g2 Ne4 34. Qb3 Qf3 35. Bg4 Qf6 36. Qc2 Qg6 37. Be2 (37. Be6 {?} Rf1+)
37... Qf5 38. Bd3 Qf3 39. Bxe4 Qxe3+ 40. Kb1 Rf2 41. Rxf2 {?} (41. Qd3 $18 {
Fritz}) 41... Rxf2 42. Bc1 (42. Qd3 Rxb2+ 43. Kxb2 Qxg1 $17) 42... Rxc2 43.
Bxe3 Rxc4 44. Bg5+ Kf7 45. Bf3 Rxb4+ 46. Kc2 Rc4+ 47. Kd3 Rd4+ 48. Kc3 Bxd5 49.
Bh5+ Ke6 50. Bg4+ Kf7 51. Be3 Ra4 52. Bh5+ Ke6 53. Rg6+ Kf5 (53... Kd7 54. Rg7+
Kc8 $17 {Fritz}) 54. Rg5+ Kf6 55. Rg6+ 1/2-1/2

[Event "22. Copenhagen Open  (Politiken Cup)"]
[Site "Copenhagen"]
[Date "2000.07.25"]
[Round "8"]
[White "Damgaard, Sven"]
[Black "Drejer, Hans Ulrik"]
[Result "1-0"]
[WhiteElo "1887"]
[BlackElo "1680"]
[PlyCount "57"]
[EventDate "2000.07.17"]
[EventType "swiss"]
[EventRounds "11"]
[EventCountry "DEN"]
[SourceDate "2004.01.01"]

1. d4 Nf6 2. c4 e6 3. Nf3 d5 4. Nc3 b6 5. cxd5 exd5 6. e3 Be7 7. b4 O-O 8. Qb3
Bf5 9. Bb2 Nc6 10. a3 Re8 11. Bb5 Qd6 12. Ne5 Nxe5 13. dxe5 Qxe5 14. Bxe8 Rxe8
15. Rd1 Be6 16. Qc2 Bf8 17. Nxd5 Qg5 18. Nxf6+ gxf6 19. Qxc7 Qxg2 20. Qg3+ Qxg3
21. hxg3 a5 22. Rh4 Rc8 23. Bxf6 axb4 24. axb4 Rc2 25. Rd8 Bf5 26. Rhd4 Rc1+
27. Kd2 Rc2+ 28. Kd1 Rxf2 29. Rxf8+ 1-0

[Event "22. Copenhagen Open  (Politiken Cup)"]
[Site "Copenhagen"]
[Date "2000.07.25"]
[Round "8"]
[White "Dencker, Martin"]
[Black "Hamann, Steffen"]
[Result "0-1"]
[WhiteElo "1331"]
[BlackElo "1638"]
[PlyCount "64"]
[EventDate "2000.07.17"]
[EventType "swiss"]
[EventRounds "11"]
[EventCountry "DEN"]
[SourceDate "2004.01.01"]

1. e4 e6 2. d4 d5 3. e5 c5 4. c3 Nc6 5. Bb5 Bd7 6. Nf3 a6 7. Bxc6 Bxc6 8. Be3
b6 9. Ng5 Ne7 10. Qh5 Ng6 11. Nxh7 Be7 12. g4 Kd7 13. f4 Qg8 14. f5 Nh4 15. f6
Rxh7 16. fxe7 Rxh5 17. gxh5 Nf5 18. Bg5 Nxe7 19. Rg1 Nf5 20. Nd2 cxd4 21. cxd4
Nxd4 22. Bf6 gxf6 23. Rxg8 Rxg8 24. O-O-O fxe5 25. Rf1 f5 26. Nf3 Nxf3 27. Rxf3
Rg1+ 28. Kc2 Rg2+ 29. Kc1 Rxh2 30. Ra3 a5 31. Rg3 Rxh5 32. Rg7+ Kd6 0-1

[Event "22. Copenhagen Open  (Politiken Cup)"]
[Site "Copenhagen"]
[Date "2000.07.25"]
[Round "8"]
[White "Dongart, Dennis"]
[Black "Jensen, Kasper Smith"]
[Result "0-1"]
[WhiteElo "2138"]
[BlackElo "2157"]
[PlyCount "190"]
[EventDate "2000.07.17"]
[EventType "swiss"]
[EventRounds "11"]
[EventCountry "DEN"]
[SourceDate "2004.01.01"]

1. e4 e6 2. d4 d5 3. exd5 exd5 4. Nf3 Nf6 5. Bd3 Be7 6. O-O O-O 7. c3 Bg4 8.
Nbd2 Nbd7 9. Qc2 c5 10. Ne5 Bh5 11. Nxd7 Qxd7 12. dxc5 Bxc5 13. Nb3 Bd6 14. Bg5
Bf3 15. Bf5 Be4 16. Bxd7 Bxc2 17. Bxf6 gxf6 18. Nd4 Rad8 19. Bb5 Bg6 20. f4 Be4
21. Rad1 f5 22. Rd2 Bc5 23. g3 Kg7 24. Be2 Rfe8 25. Bf3 Re6 26. Kg2 Bxd4 27.
Rxd4 Kf6 28. Rfd1 Rde8 29. R1d2 Rb6 30. Kf2 Ree6 31. Bd1 Rec6 32. Ra4 Ra6 33.
Ke3 Rxa4 34. Bxa4 Rd6 35. Bb3 Ke6 36. Rd4 Ke7 37. Rd2 f6 38. Rd4 Ke6 39. Ra4 a6
40. Ra5 b5 41. Kd4 Bg2 42. a4 Bf1 43. Bc2 Rc6 44. Bd3 Bxd3 45. Kxd3 bxa4 46.
Rxa4 Rb6 47. b4 Kd6 48. Ra2 Rc6 49. Ra5 Ke6 50. Ra2 Kd6 51. Re2 Rc8 52. Re1 Kd7
53. Re3 Kd6 54. Re2 Kd7 55. Ra2 Rc6 56. Ra5 Kd6 57. b5 axb5 58. Rxb5 Rc8 59.
Rb6+ Rc6 60. Rb8 Rc7 61. Rg8 Ke6 62. Rd8 Ra7 63. Rb8 Ra2 64. Rb6+ Kf7 65. Rb7+
Kg6 66. Kd4 Rd2+ 67. Kc5 Rc2 68. Rb3 Rd2 69. Rb5 Rd3 70. Kb4 Rd2 71. Kb3 h6 72.
Ra5 Kh5 73. Ra6 Rxh2 74. Rxf6 Kg4 75. Rg6+ Kf3 76. Kb4 Rh3 77. Kc5 Rxg3 78.
Rxh6 Kxf4 79. Kxd5 Rxc3 80. Kd4 Rg3 81. Rf6 Ra3 82. Rf8 Ra4+ 83. Kd3 Re4 84.
Kd2 Re7 85. Kd3 Kg4 86. Rg8+ Kf3 87. Kd2 f4 88. Kd1 Kf2 89. Rd8 Re1+ 90. Kd2
Re6 91. Rd7 f3 92. Rd8 Rg6 93. Rd7 Kg2 94. Rf7 f2 95. Ke2 Re6+ 0-1

[Event "22. Copenhagen Open  (Politiken Cup)"]
[Site "Copenhagen"]
[Date "2000.07.25"]
[Round "8"]
[White "El Kher, Henrik"]
[Black "Roder, Peter Ulrik"]
[Result "1-0"]
[WhiteElo "2374"]
[BlackElo "2167"]
[PlyCount "49"]
[EventDate "2000.07.17"]
[EventType "swiss"]
[EventRounds "11"]
[EventCountry "DEN"]
[SourceDate "2004.01.01"]

1. d4 Nf6 2. Bg5 e6 3. e4 h6 4. Bxf6 Qxf6 5. Nc3 b6 6. Qd2 Bb7 7. O-O-O g6 8.
e5 Qe7 9. f4 c6 10. Ne4 Qb4 11. c3 Qa5 12. Bc4 Be7 13. Bb3 Na6 14. Nf3 O-O-O
15. Qe2 d5 16. exd6 Bxd6 17. Nxd6+ Rxd6 18. Ne5 Rd7 19. Nxd7 Kxd7 20. g4 Nc7
21. Rhe1 Nd5 22. Qe5 Re8 23. c4 f6 24. Qe4 Nb4 25. a3 1-0

[Event "22. Copenhagen Open  (Politiken Cup)"]
[Site "Copenhagen"]
[Date "2000.07.25"]
[Round "8"]
[White "Fant, Goran"]
[Black "Heinola, Vesa"]
[Result "0-1"]
[WhiteElo "2062"]
[BlackElo "2227"]
[Annotator "Vesa Heinola"]
[PlyCount "90"]
[EventDate "2000.07.17"]
[EventType "swiss"]
[EventRounds "11"]
[EventCountry "DEN"]
[SourceDate "2004.01.01"]

1. d4 Nf6 2. Nf3 g6 3. c4 Bg7 4. Nc3 d5 5. Qb3 dxc4 6. Qxc4 O-O 7. e4 Nc6 8.
Bf4 Nh5 9. Be3 Bg4 10. Rd1 Bxf3 11. gxf3 e6 $6 (11... e5 {is probably better})
12. Ne2 Qe7 13. a3 Rfd8 14. Bg2 Kh8 15. b4 a6 16. O-O Rd7 17. f4 Qh4 18. Qc1
Nf6 19. f3 Qh5 20. f5 $1 {pawn sacrifice with the threat Se2-g3, Dh5-h4, Le3g5
and the queen is trapped.} gxf5 $8 (20... exf5 {loses}) 21. Ng3 Qg6 22. exf5
exf5 23. Bh3 Rd5 24. Kh1 f4 25. Bxf4 Nh5 26. Nxh5 Qxh5 27. Bg4 Qh4 28. Bg3 Qf6
29. Bxc7 h5 30. Bh3 Rxd4 31. Qc5 Qh4 32. Bf5 Re8 33. Bg3 Qg5 34. f4 Qh6 35. h4
{This prevents the threat ...h4} Rg8 36. Bh2 Qf6 37. Bc2 $2 {It is better to
move it to b1 with the threat Qc2 and white has winning chances.} Qh6 38. Qf5
Ne7 39. Qxf7 $4 {Terrible mistake which loses the game.} (39. Qh3 {was
probably the only move.}) (39. Qc5 {may be playable but black will play} b6 $1)
39... Qc6+ {Wins material and the game} 40. Kg1 Qxc2 41. Bg3 Qe2 {Quickest way
to finish the white resistance.} 42. Rde1 Qg4 43. Kh1 Rd2 44. Rf2 Rxf2 45. Bxf2
Qh3+ {Most of the game black had a critical position but sometimes it pays off
not to give up hope!} 0-1

[Event "22. Copenhagen Open  (Politiken Cup)"]
[Site "Copenhagen"]
[Date "2000.07.25"]
[Round "8"]
[White "Gislason, Ingolfur"]
[Black "Maechel, Michael"]
[Result "1-0"]
[WhiteElo "1780"]
[BlackElo "1611"]
[PlyCount "154"]
[EventDate "2000.07.17"]
[EventType "swiss"]
[EventRounds "11"]
[EventCountry "DEN"]
[SourceDate "2004.01.01"]

1. d4 Nf6 2. c4 e5 3. dxe5 Ng4 4. Nf3 Nc6 5. Bf4 Bb4+ 6. Nbd2 Qe7 7. e3 Ngxe5
8. Be2 Nxf3+ 9. gxf3 d6 10. Rg1 g6 11. a3 Bxd2+ 12. Qxd2 Be6 13. Qc3 f6 14.
O-O-O O-O-O 15. e4 Ne5 16. Be3 Qf7 17. b3 b6 18. f4 Nc6 19. Bf3 Na5 20. Bd4
Rhf8 21. Bh1 c5 22. Be3 Nxb3+ 23. Qxb3 Bxc4 24. Qc3 f5 25. exf5 d5 26. fxg6
hxg6 27. Qe5 Rfe8 28. Qg5 Qg7 29. Kb1 Qc3 30. Qxg6 Qb3+ 31. Kc1 Qxa3+ 32. Kb1
Ba2+ 33. Ka1 Bb3+ 34. Kb1 Qa2+ 35. Kc1 Qa3+ 36. Kb1 Qa2+ 37. Kc1 Kb8 38. Qb1
Qa4 39. Rd3 Qa3+ 40. Kd2 Qb4+ 41. Kc1 c4 42. Bd2 Qc5 43. Re3 d4 44. Re5 Rxe5
45. fxe5 Rf8 46. f4 d3 47. Rg7 Rh8 48. Qa1 a5 49. Rg2 Rxh2 50. Rxh2 Qg1+ 51.
Kb2 Qxh2 52. Qe1 b5 53. e6 Qh8+ 54. Qe5+ Qxe5+ 55. fxe5 b4 56. e7 Ba4 57. Bd5
c3+ 58. Bxc3 bxc3+ 59. Kxc3 Be8 60. Kxd3 Kc7 61. Be6 Kc6 62. Ke4 a4 63. Kf5 a3
64. Kf6 Kc5 65. Ba2 Kd4 66. e6 Kc3 67. Kg7 Kb2 68. Bd5 Bc6 69. Bxc6 a2 70. e8=Q
a1=Q 71. Qf7 Kb3+ 72. Kf8 Qh8+ 73. Ke7 Qh4+ 74. Qf6 Qb4+ 75. Kf7 Qc4 76. Qf3+
Kb2 77. Bd5 Qh4 1-0

[Event "22. Copenhagen Open  (Politiken Cup)"]
[Site "Copenhagen"]
[Date "2000.07.25"]
[Round "8"]
[White "Golod, Vitali"]
[Black "Rasmussen, Casper Dahl"]
[Result "1-0"]
[WhiteElo "2590"]
[BlackElo "2281"]
[PlyCount "131"]
[EventDate "2000.07.17"]
[EventType "swiss"]
[EventRounds "11"]
[EventCountry "DEN"]
[SourceDate "2004.01.01"]

1. d4 d5 2. c4 dxc4 3. Nf3 Nf6 4. e3 e6 5. Bxc4 c5 6. O-O a6 7. Qe2 Nc6 8. Rd1
b5 9. dxc5 Qc7 10. Bd3 Bb7 11. a3 Bxc5 12. b4 Bd6 13. Bb2 Ng4 14. h3 Nge5 15.
Nbd2 Nxd3 16. Qxd3 Rd8 17. Qc3 f6 18. Ne4 O-O 19. Rac1 Qe7 20. Qb3 Kh8 21. Nfd2
f5 22. Nxd6 Rxd6 23. Nf3 e5 24. Rxd6 Qxd6 25. Rd1 Qg6 26. Qd5 Na5 27. Nxe5 Bxd5
28. Nxg6+ hxg6 29. Rxd5 Nc4 30. Bd4 Rf7 31. Rc5 Nxa3 32. Rc6 Kh7 33. h4 Nc4 34.
Rxa6 Rd7 35. g3 Nd2 36. Kg2 Nb3 37. Bc3 Rd3 38. Be1 Rd1 39. Kf1 Rb1 40. Rd6 Na1
41. Rc6 Nb3 42. Rd6 Na1 43. Ke2 Nc2 44. Bc3 Rb3 45. Kd2 Na3 46. Rc6 Nc4+ 47.
Kd3 Ne5+ 48. Kc2 Nxc6 49. Kxb3 Kh6 50. f3 Nd8 51. Be5 Nc6 52. Bd4 Nd8 53. Kc3
Ne6 54. g4 Kh7 55. Be5 Kg8 56. Kd3 Kf7 57. Ke2 Nd8 58. Kf2 Nc6 59. Bc3 Nd8 60.
Kg3 Ne6 61. h5 gxh5 62. gxf5 Nc7 63. e4 g6 64. fxg6+ Kxg6 65. f4 Kh6 66. Kh4
1-0

[Event "22. Copenhagen Open  (Politiken Cup)"]
[Site "Copenhagen"]
[Date "2000.07.25"]
[Round "8"]
[White "Grand, Hans Henrik"]
[Black "Andersen, Finn"]
[Result "1-0"]
[WhiteElo "2036"]
[BlackElo "1531"]
[PlyCount "57"]
[EventDate "2000.07.17"]
[EventType "swiss"]
[EventRounds "11"]
[EventCountry "DEN"]
[SourceDate "2004.01.01"]

1. e4 e5 2. Bc4 Nf6 3. d3 Nc6 4. Nc3 Bc5 5. Nf3 d6 6. Bg5 h6 7. Bxf6 Qxf6 8.
Nd5 Qg6 9. Rg1 Bb6 10. c3 Na5 11. Bb5+ c6 12. Ba4 Bd8 13. Ne3 b5 14. Bc2 Qf6
15. Qe2 Be6 16. b3 a6 17. g4 Qe7 18. Nf5 Bxf5 19. gxf5 Qf6 20. Qe3 Bc7 21.
O-O-O Nb7 22. d4 Bb6 23. Kb1 O-O-O 24. dxe5 Bxe3 25. exf6 Bxf2 26. fxg7 Rhg8
27. Rg2 Be3 28. e5 d5 29. f6 1-0

[Event "22. Copenhagen Open  (Politiken Cup)"]
[Site "Copenhagen"]
[Date "2000.07.25"]
[Round "8"]
[White "Greiff, Hkan"]
[Black "Brinck Claussen, Bjorn"]
[Result "1/2-1/2"]
[WhiteElo "2284"]
[BlackElo "2359"]
[PlyCount "77"]
[EventDate "2000.07.17"]
[EventType "swiss"]
[EventRounds "11"]
[EventCountry "DEN"]
[SourceDate "2004.01.01"]

1. e4 e6 2. d4 d5 3. Nd2 c5 4. Ngf3 Nf6 5. exd5 exd5 6. Bb5+ Bd7 7. Bxd7+ Nbxd7
8. O-O Be7 9. dxc5 Nxc5 10. Nd4 Qd7 11. N2f3 O-O 12. Bg5 Nce4 13. Qd3 Rfe8 14.
Rad1 a6 15. c3 Bf8 16. Bxf6 Nxf6 17. Nf5 Rad8 18. N3d4 b5 19. a3 g6 20. Ne3 Bh6
21. Ndc2 Qd6 22. Rfe1 Re5 23. g3 Bxe3 24. Nxe3 Rde8 25. Nc2 Rxe1+ 26. Rxe1
Rxe1+ 27. Nxe1 Ne4 28. Nc2 Nc5 $11 29. Qd2 Ne6 30. Ne3 d4 31. Nc2 d3 32. Ne1
Nc5 33. b4 Ne4 34. Qxd3 Qc6 35. Qd8+ Kg7 36. Qd4+ Kg8 37. Qd8+ Kg7 38. Qd4+ Kg8
39. Qd8+ 1/2-1/2

[Event "22. Copenhagen Open  (Politiken Cup)"]
[Site "Copenhagen"]
[Date "2000.07.25"]
[Round "8"]
[White "Greisen, Flemming Dahl"]
[Black "Einarson, Erland"]
[Result "1-0"]
[WhiteElo "1488"]
[BlackElo "1100"]
[PlyCount "45"]
[EventDate "2000.07.17"]
[EventType "swiss"]
[EventRounds "11"]
[EventCountry "DEN"]
[SourceDate "2004.01.01"]

1. b4 c6 2. Bb2 Qb6 3. c3 a5 4. Qa4 Nf6 5. e3 d5 6. Nf3 Nbd7 7. d4 e6 8. b5 c5
9. Na3 c4 10. Rb1 Ne4 11. Qc2 Be7 12. Nd2 Ndf6 13. Nxe4 Nxe4 14. Bxc4 Nxf2 15.
Qxf2 dxc4 16. O-O Bd7 17. Bc1 Bxa3 18. Qxf7+ Kd8 19. Bxa3 Bxb5 20. Qe7+ Kc8 21.
Rf8+ Rxf8 22. Qxf8+ Kd7 23. Qxa8 1-0

[Event "22. Copenhagen Open  (Politiken Cup)"]
[Site "Copenhagen"]
[Date "2000.07.25"]
[Round "8"]
[White "Hansen, Henrik Damgaard"]
[Black "Grahn, Lars"]
[Result "0-1"]
[WhiteElo "1508"]
[BlackElo "2105"]
[PlyCount "26"]
[EventDate "2000.07.17"]
[EventType "swiss"]
[EventRounds "11"]
[EventCountry "DEN"]
[SourceDate "2004.01.01"]

1. e4 e5 2. Nf3 d6 3. d4 exd4 4. Nxd4 g6 5. Nc3 Bg7 6. Be3 Nf6 7. h3 O-O 8. Qd2
Re8 9. f3 d5 10. Nxd5 Nxd5 11. exd5 Bh6 12. Ne6 Bxe3 13. Qxe3 Qxd5 0-1

[Event "22. Copenhagen Open  (Politiken Cup)"]
[Site "Copenhagen"]
[Date "2000.07.25"]
[Round "8"]
[White "Hansen, Lars Bo"]
[Black "Hillarp Persson, Tiger"]
[Result "1/2-1/2"]
[WhiteElo "2562"]
[BlackElo "2549"]
[PlyCount "24"]
[EventDate "2000.07.17"]
[EventType "swiss"]
[EventRounds "11"]
[EventCountry "DEN"]
[SourceDate "2004.01.01"]

1. d4 d5 2. c4 c6 3. Nc3 dxc4 4. e3 b5 5. a4 b4 6. Na2 e6 7. Bxc4 Nf6 8. Nf3
Be7 9. O-O O-O 10. Qe2 Bb7 11. Rd1 Nbd7 12. b3 Qb6 $11 1/2-1/2

[Event "22. Copenhagen Open  (Politiken Cup)"]
[Site "Copenhagen"]
[Date "2000.07.25"]
[Round "8"]
[White "Hau, Helge"]
[Black "Tornerup, John"]
[Result "1-0"]
[WhiteElo "1427"]
[BlackElo "2020"]
[PlyCount "68"]
[EventDate "2000.07.17"]
[EventType "swiss"]
[EventRounds "11"]
[EventCountry "DEN"]
[SourceDate "2004.01.01"]

1. f4 d5 2. Nf3 c5 3. e3 Nc6 4. b3 Bg4 5. Be2 Nh6 6. Bb2 e6 7. O-O Nf5 8. Ne5
Bxe2 9. Qxe2 h5 10. Nxc6 bxc6 11. Rf3 h4 12. e4 Nd6 13. d3 Qb6 14. Kh1 c4 15.
Be5 dxe4 16. dxe4 Rd8 17. Nc3 cxb3 18. axb3 f6 19. Bxd6 Bxd6 20. e5 fxe5 21.
fxe5 Be7 22. Qe4 Rh6 23. Qf4 Kd7 24. Rd1+ Kc8 25. Rfd3 g5 26. Qc4 Rf8 27. Ne4
Rf4 28. Rf3 Qb5 29. Qxb5 cxb5 30. Rc3+ Kb8 31. Nd6 Bxd6 32. exd6 Rf7 33. Re3
Rhf6 34. Kg1 Kc8 {time} 1-0

[Event "22. Copenhagen Open  (Politiken Cup)"]
[Site "Copenhagen"]
[Date "2000.07.25"]
[Round "8"]
[White "Haugsdal, Arn Tore"]
[Black "Erlandsen, Carsten"]
[Result "1-0"]
[WhiteElo "2007"]
[BlackElo "2165"]
[PlyCount "67"]
[EventDate "2000.07.17"]
[EventType "swiss"]
[EventRounds "11"]
[EventCountry "DEN"]
[SourceDate "2004.01.01"]

1. e4 e5 2. Nf3 d6 3. d4 Nf6 4. Bc4 exd4 5. O-O Be7 6. Nxd4 O-O 7. Nc3 c6 8. a4
Nxe4 9. Nxe4 d5 10. Bd3 dxe4 11. Bxe4 Bf6 12. Be3 Qe7 $11 13. Qf3 g6 14. Rfe1
Nd7 15. Nf5 gxf5 16. Qxf5 Rd8 17. Bh6 Nf8 18. Bxf8 Kxf8 19. Qxh7 Be6 20. Ra3
Bg7 21. Rf3 Qg5 22. Bd3 Bd5 23. Rg3 Qh6 24. Qf5 Qf6 25. Qg4 Re8 26. Rf1 Qxb2
27. h4 Qf6 28. h5 Re5 29. f4 Re6 30. Kh2 Be4 31. Bc4 Bf5 32. Qg5 Re4 33. Bd3
Qxg5 34. Rxg5 1-0

[Event "22. Copenhagen Open  (Politiken Cup)"]
[Site "Copenhagen"]
[Date "2000.07.25"]
[Round "8"]
[White "Hector, Jonny"]
[Black "Bromann, Thorbjorn"]
[Result "1-0"]
[WhiteElo "2509"]
[BlackElo "2261"]
[PlyCount "59"]
[EventDate "2000.07.17"]
[EventType "swiss"]
[EventRounds "11"]
[EventCountry "DEN"]
[SourceDate "2004.01.01"]

1. e4 e6 2. d4 d5 3. Nd2 c5 4. Ngf3 cxd4 5. Nxd4 Nc6 6. Bb5 Bd7 7. Nxc6 Bxc6 8.
Bxc6+ bxc6 9. c4 Nf6 10. Qa4 Qd7 11. e5 Ng8 12. O-O Ne7 13. Nf3 Ng6 14. Be3 f6
15. exf6 gxf6 16. Rac1 e5 17. cxd5 cxd5 18. Qa5 d4 19. Bxd4 exd4 20. Rfe1+ Be7
21. Rc7 Qd6 22. Qa4+ Kf8 23. Nxd4 Ne5 24. Rd1 Rb8 25. Qc2 Rg8 26. f4 Qxd4+ 27.
Rxd4 Nf3+ 28. Kf1 Nxd4 29. Qe4 Bd8 30. Rd7 1-0

[Event "22. Copenhagen Open  (Politiken Cup)"]
[Site "Copenhagen"]
[Date "2000.07.25"]
[Round "8"]
[White "Henrichsen, Jens"]
[Black "Nilsson, Nils Specht"]
[Result "0-1"]
[WhiteElo "2046"]
[BlackElo "2188"]
[PlyCount "70"]
[EventDate "2000.07.17"]
[EventType "swiss"]
[EventRounds "11"]
[EventCountry "DEN"]
[SourceDate "2004.01.01"]

1. d4 Nf6 2. Nf3 e6 3. c4 d5 4. Bg5 h6 5. Bh4 g5 6. Bg3 Ne4 7. Nc3 Nxg3 8. hxg3
Bg7 9. e3 c6 10. Bd3 Nd7 11. Qe2 Nb6 12. Nd2 e5 13. dxe5 Bxe5 14. cxd5 Nxd5 15.
Nxd5 Qxd5 16. Bc4 Qa5 17. Qh5 Rf8 18. Rd1 Bf5 19. O-O Bc2 20. Nb3 Qb4 21. Qg4
Qe7 22. Rd2 h5 23. Qe2 Bxb3 24. Bxb3 Bd6 25. Rfd1 O-O-O 26. Qxh5 f6 27. Qg4+ f5
28. Qc4 Rf6 29. Bc2 f4 30. exf4 gxf4 31. g4 Rh6 32. Bf5+ Kc7 33. Rxd6 Rdxd6 34.
Qxf4 Qh4 35. f3 Qh1+ 0-1

[Event "22. Copenhagen Open  (Politiken Cup)"]
[Site "Copenhagen"]
[Date "2000.07.25"]
[Round "8"]
[White "Hoi, Carsten"]
[Black "Lund, Silas"]
[Result "1/2-1/2"]
[WhiteElo "2408"]
[BlackElo "2261"]
[PlyCount "80"]
[EventDate "2000.07.17"]
[EventType "swiss"]
[EventRounds "11"]
[EventCountry "DEN"]
[SourceDate "2004.01.01"]

1. d4 e6 2. c4 b6 3. Nc3 Bb7 4. a3 d5 5. cxd5 exd5 6. Nf3 Nf6 7. Bg5 Be7 8. e3
O-O 9. Qc2 Ne4 10. Bf4 Nd7 11. Bd3 Ndf6 12. Bxc7 Qd7 13. Bf4 Rfc8 14. Ne5 Qe6
15. f3 Nxc3 16. bxc3 g6 17. g4 Bd6 18. Rg1 Qe7 19. Kd2 Nd7 20. Bf5 Nxe5 21.
dxe5 Bxe5 22. Bxe5 Qxe5 23. f4 Qd6 24. Bxc8 Rxc8 25. Qa4 Qb8 26. Rac1 Rc4 27.
Qd7 Kf8 28. g5 Bc6 29. Qh3 Kg8 30. Rgf1 Qd6 31. f5 Bd7 32. Qh6 d4 33. cxd4
Rxd4+ 34. exd4 Qxd4+ $11 35. Kc2 Ba4+ 36. Kb1 Qd3+ 37. Kb2 Qb3+ 38. Ka1 Qxa3+
39. Kb1 Qb4+ 40. Ka1 Qa3+ 1/2-1/2

[Event "22. Copenhagen Open  (Politiken Cup)"]
[Site "Copenhagen"]
[Date "2000.07.25"]
[Round "8"]
[White "Howe, Dennis"]
[Black "Osttveit, Martin"]
[Result "0-1"]
[WhiteElo "2015"]
[BlackElo "2079"]
[PlyCount "68"]
[EventDate "2000.07.17"]
[EventType "swiss"]
[EventRounds "11"]
[EventCountry "DEN"]
[SourceDate "2004.01.01"]

1. e4 g6 2. d4 Bg7 3. Nf3 d6 4. Bc4 Nf6 5. Nc3 c6 6. a3 O-O 7. O-O Nxe4 8. Nxe4
d5 9. Bd3 dxe4 10. Bxe4 Nd7 11. c3 Qc7 12. Bg5 Re8 13. Re1 c5 14. Bc2 Nf6 15.
dxc5 Qxc5 16. Re5 Qc7 17. Ba4 Rf8 18. Qe2 e6 19. Rd1 a6 20. Re3 b5 21. Bb3 Ng4
22. Red3 Bb7 23. Rd6 Qc5 24. Bxe6 Bxf3 25. gxf3 Qxg5 26. fxg4 fxe6 27. Qxe6+
Kh8 28. R6d5 Qf4 29. R5d2 Be5 30. f3 Rae8 31. Qc6 Bc7 32. Rf2 Rd8 33. Rxd8 Rxd8
34. Qxa6 Rd1+ 0-1